| 000 | 00452cam a2200181ua 4500 | ||
|---|---|---|---|
| 020 | _cRs 115.00 | ||
| 041 |
_aeng _h |
||
| 082 |
_a632.8 _bBOS/IN |
||
| 100 | _aBos, L . | ||
| 245 |
_aIntroduction to plant virology / _cL Bos. _hTextual Documents |
||
| 250 |
_a1 / _b. |
||
| 260 |
_aNew Delhi : _bOxford & IBH Publishing company , _c1982. |
||
| 300 | _a160 ; . | ||
| 365 | _aRs 115.00 | ||
| 504 | _a | ||
| 942 | _cBK | ||
| 999 |
_c356 _d356 |
||